header

Heat transfer with applications / (Record no. 265177)

MARC details
000 -LEADER
fixed length control field 01097pam a2200325 a 4500
001 - CONTROL NUMBER
control field 4965222
003 - CONTROL NUMBER IDENTIFIER
control field OSt
005 - DATE AND TIME OF LATEST TRANSACTION
control field 20251209122751.0
008 - FIXED-LENGTH DATA ELEMENTS--GENERAL INFORMATION
fixed length control field 971211s1999 njua b 001 0 eng
010 ## - LIBRARY OF CONGRESS CONTROL NUMBER
LC control number 97050322
020 ## - INTERNATIONAL STANDARD BOOK NUMBER
International Standard Book Number 0135209412
Qualifying information hc
International Standard Book Number 9780135209417
Qualifying information (hc)
035 ## - SYSTEM CONTROL NUMBER
System control number 4965222
040 ## - CATALOGING SOURCE
Original cataloging agency DLC
Transcribing agency DLC
Modifying agency DLC
050 00 - LIBRARY OF CONGRESS CALL NUMBER
Classification number TJ260
Item number .H34 1999
082 00 - DEWEY DECIMAL CLASSIFICATION NUMBER
Classification number 621.402/2
Edition number 21
100 1# - MAIN ENTRY--PERSONAL NAME
Personal name Hagen, Kirk D.,
Dates associated with a name 1953-
245 10 - TITLE STATEMENT
Title Heat transfer with applications /
Statement of responsibility, etc Kirk D. Hagen.
260 ## - PUBLICATION, DISTRIBUTION, ETC. (IMPRINT)
Place of publication, distribution, etc Upper Saddle River, N.J. :
Name of publisher, distributor, etc Prentice Hall,
Date of publication, distribution, etc c1999.
300 ## - PHYSICAL DESCRIPTION
Extent xvi, 688 p. :
Other physical details ill. ;
Dimensions 25 cm.
336 ## - CONTENT TYPE
Content type term text
Content type code txt
Source rdacontent
337 ## - MEDIA TYPE
Media type term unmediated
Media type code n
Source rdamedia
338 ## - CARRIER TYPE
Carrier type term volume
Carrier type code nc
Source rdacarrier
504 ## - BIBLIOGRAPHY, ETC. NOTE
Bibliography, etc Includes bibliographical references and index.
650 #0 - SUBJECT ADDED ENTRY--TOPICAL TERM
Topical term or geographic name as entry element Heat
General subdivision Transmission.
906 ## - LOCAL DATA ELEMENT F, LDF (RLIN)
a 7
b cbc
c orignew
d 1
e ocip
f 19
g y-gencatlg
942 ## - ADDED ENTRY ELEMENTS (KOHA)
Source of classification or shelving scheme Library of Congress Classification
Koha item type Long Loan Books
Holdings
Withdrawn status Lost status Source of classification or shelving scheme Damaged status Not for loan Collection code Home library Current library Shelving location Date acquired Source of acquisition Full call number Barcode Date last seen Price effective from Koha item type Total Checkouts
    Library of Congress Classification     Non-fiction Rongo University Library Rongo University Library General Stacks 13/11/2025 Books for Africa, Donation TJ260.H34 1999 20260619 13/11/2025 13/11/2025 Long Loan Books  
    Library of Congress Classification     Non-fiction Rongo University Library Rongo University Library General Stacks 09/12/2025 Books for Africa, Donation TJ260 .H34 1999 20260626 09/12/2025 09/12/2025 Long Loan Books  
    Library of Congress Classification     Non-fiction Rongo University Library Rongo University Library General Stacks 16/12/2025 Books for Africa, Donation TJ260 .H34 1999 20260618 16/12/2025 16/12/2025 Long Loan Books  

© 2026 Rongo University
Contact us: librarian | system librarian | Rongo university